|
|
|
|
| LEADER |
00000cam a2200000 7i4500 |
| 001 |
0000018451 |
| 005 |
20080606.0 |
| 008 |
080605 |
| 020 |
|
|
|a 0946430012
|
| 090 |
0 |
0 |
|a 297.3
|b AYA
|
| 100 |
0 |
|
|a 'Ayad, Qadi
|
| 245 |
1 |
0 |
|a Foundations of Islam
|c Qadi 'Ayad
|
| 260 |
|
|
|a England :
|b World Organization of Islamic Da'wa Pub ,
|c 1982
|
| 650 |
|
0 |
|a Islamic countries
|x Civilization
|
| 999 |
|
|
|a 0001020917
|b Book
|c Adult Collection
|e Perbadanan Perpustakaan Awam Johor
|
| 999 |
|
|
|a 0001020918
|b Book
|c Adult Collection
|e Perbadanan Perpustakaan Awam Johor
|
| 999 |
|
|
|a 0001020919
|b Book
|c Adult Collection
|e Perbadanan Perpustakaan Awam Johor
|